000 01343nam a2200349 i 4500
001 67500
003 ES-MaACL
005 20240209063115.0
007 t|
008 040601s2001 sp ||||0| spa d
017 _aB 34226-2001
_bOficina Depósito Legal Barcelona
020 _a847426538X
040 _cES-MaACL
080 _a338.2(100):504(063)
080 _a338.1(100)"1995/2005"(063)
111 2 _aJornadas de Economía Crítica
_n(7ª.
_d2000.
_cAlbacete)
_9788
245 1 0 _aCapitalismo, desigualdades y degradación ambiental :
_bVII Jornadas de Economía Crítica /
_cAlfonso Dubois, Juan Luis Millán, Jordi Roca (coords.)
260 _aBarcelona :
_bIcaria,
_c[2001]
300 _a277 páginas :
_bgráficos ;
_c24 cm
500 _aÍndice
504 _aReferencias bibliográficas
650 1 4 _aDesarrollo sostenible-
_vCongresos y asambleas
_911818
650 1 7 _aEconomía mundial-
_y1989-2008-
_vCongresos y asambleas
_9172052
700 1 _aDubois, Alfonso.
_945762
_epbl
700 1 _aMillán, Juan Luis.
_981133
_epbl
700 1 _aRoca Jusmet, Jordi.
_998000
_epbl
852 _aES-MaACL
_jL-27739
_9 70018
_cDEPO2
852 4 _aES-MaACL
_jN-8229/Ej.1
_cDEPOJ
_hDonación: Editorial
_zX-27
_zDuplicado
_970017
942 _cMONOGRAFIA
_n0
999 _c67500
_d67500